10 Most Passing Yards in a Season That Did Not Lead League - Statistics

General Stats
  • This quiz has been taken 17 times
  • The average score is 10 of 10
Answer Stats
Yards Team Year Player % Correct
5,162 NOS 2013 Drew Brees
100%
4,933 NYG 2011 Eli Manning
100%
5,038 DET 2011 Matthew Stafford
100%
4,967 DET 2011 Matthew Stafford
100%
4,944 ATL 2016 Matt Ryan
100%
4,924 ATL 2018 Matt Ryan
100%
5,097 KAN 2018 Patrick Mahomes
100%
5,235 NEP 2011 Tom Brady
100%
5,014 LAC 2021 Justin Herbert
88%
4,917 WAS 2016 Kirk Cousins
81%
No matching quizzes found
Score Distribution
Percent of People with Each Score
Percentile by Number Answered
Your Score History
You have not taken this quiz